[Event "Stay Safe Play From Home 244"]
[Site "Emanuel Lasker Arena"]
[Date "2020.06.22"]
[Round "4"]
[White "Mepe_Nika"]
[Black "Tolka"]
[Result "0-1"]
[WhiteElo "2364"]
[BlackElo "2250"]
[Annotator "TA"]
[PlyCount "128"]
[EventDate "2020.06.22"]
[EventType "swiss (blitz)"]

{[%evp 9,128,17,25,18,19,10,20,20,17,17,22,16,16,0,3,8,13,10,12,6,21,4,9,0,0,-66,-22,-133,0,-2,0,-118,-9,-20,-11,-145,-146,-134,7,-57,-53,-95,0,0,20,0,0,-14,16,-66,-43,-43,-32,-150,-150,-267,-131,-182,-164,-171,-167,-144,-148,-138,-13,-14,-4,-29,-29,-64,-34,-261,-261,-261,-261,-261,-254,-362,-224,-296,-289,-490,476,458,1001,951,1170,1012,855,859,856,856,848,837,791,778,770,716,2028,843,819,811,1085,22,926,252,348,0,0,0,356,-29977,-845,-29983,0,-29977,721,640,1377,0,0]} 1. d4 d5 2. Bf4 e6 3. e3 Bd6 4. Bxd6 cxd6 5. c4 Nf6 6. Nc3 {D00: 1 d4 d5: Unusual lines.} dxc4 7. Bxc4 O-O 8. Nf3 a6 9. O-O b5 10. Bd3 Bb7 11. a3 Nbd7 12. Rc1 {[#]} Rc8 $146 ({Predecessor:} 12... h6 13. Qe2 e5 14. e4 Re8 15. d5 Nf8 16. Nd2 Ng6 17. g3 Bc8 18. b4 Bd7 {0-1 (50) Taggatz,M (2166)-Lautner,J (2176) Bayern 2017}) 13. e4 Qe7 14. Qe2 e5 15. d5 Nc5 16. h3 Rc7 17. Rc2 (17. Bc2 $11) 17... Rfc8 (17... Nh5 $5 {[%cal Rh5f4]} 18. g3 Bc8 $15) 18. Na2 (18. Rfc1 $11) 18... Nb3 (18... Nh5 $17 {...Nf4 is the strong threat.} 19. g3 f5 $1 {[%mdl 512]}) 19. Rxc7 Qxc7 20. Nb4 (20. Nd2 $11 {keeps the balance.} Nd4 21. Qe3) 20... Qb6 (20... Nc1 $1 $17 {[%cal Rc1e2]} 21. Qe3 a5) 21. Nc2 Rc7 22. Qe3 (22. Rd1 $11) 22... Qxe3 $1 $17 23. Nxe3 Bc8 (23... Nc5 $1 $17 {[%cal Rc5d3]} 24. Rc1 Rc8) 24. Bc2 ({Better is} 24. Rd1 $11) 24... Nd4 $15 25. Bd3 {With the idea Nxd4.} Nb3 (25... Nxf3+ $17 26. gxf3 Bxh3) 26. Rd1 $11 h6 27. Kf1 Kf8 28. Ke2 Ke7 29. Nf1 (29. Bc2 $11 Na5 30. Nd2) 29... g6 30. N1d2 Nc5 31. b4 ({White should try} 31. Rc1 $15) 31... Na4 {And now ...Nc3+ would win.} 32. Ke3 (32. Rh1 $17) 32... Nd7 (32... Nc3 $19 {and Black stays clearly on top.} 33. Rg1 Nfxd5+ $1 {[%mdl 512]} 34. exd5 Nxd5+ 35. Ke2 Nf4+ 36. Ke3 Rc3 $1 {[%mdl 512]}) 33. Nb3 (33. Ra1 $17 {was worth a try.}) 33... Ndb6 34. Rc1 Rxc1 35. Nxc1 f5 $1 36. Nd2 f4+ (36... fxe4 $17 37. Bxe4 Bb7) 37. Ke2 g5 38. f3 h5 39. Ncb3 g4 40. Bc2 $2 (40. hxg4 $15 Nc3+ 41. Ke1) 40... gxh3 $19 41. gxh3 Bxh3 42. Nc1 Nc3+ 43. Kf2 (43. Kd3 $142 Nca4 44. Bxa4 Nxa4 45. Ke2) 43... Bd7 44. Nd3 Nc4 45. Nf1 $2 (45. Nxc4 {was the only defense.} bxc4 46. Nb2) 45... Nd2 $4 {[%mdl 8192]} (45... Bh3 $19 {and all is fine. Strongly threatening ...Bxf1.} 46. Nh2 Nxa3) 46. Nxd2 $18 a5 (46... Kf6 $142 47. Kg2 Kg5) 47. bxa5 Bc8 48. Nb4 Bb7 49. a6 Ba8 50. a7 Kd7 51. Nc6 Kc7 52. Bb3 Kb6 53. Kg2 Na4 54. Kh3 Nc5 55. Kh4 Bxc6 56. Kxh5 $2 {[%mdl 4096] Endgame KBN-KBN} (56. dxc6 $18 Kxa7 57. Bd5) 56... Na6 $2 {[%mdl 8192]} (56... Bb7 $11) 57. Bc4 $2 (57. dxc6 Kxa7 58. Bd5) 57... Ba8 58. Bxb5 $2 ({White should play} 58. Bf1 $18) 58... Kxb5 $11 59. Kg5 Ka4 $2 {[%mdl 8192]} (59... Kc5 $11) 60. Nb3 $4 {[%mdl 8192]} (60. Kf6 $18) 60... Kxa3 (60... Kxb3 $142 61. a4 Kxa4 62. Kg4 Kb4 63. Kf5 Nc7 64. Kf6 Kc5 65. Ke7 Nb5 66. Kd7 Bxd5 $1 {[%mdl 512]} 67. exd5 Nxa7 68. Ke7 Kxd5 69. Kf6 e4 70. fxe4+ Kxe4 71. Ke7 f3 72. Kxd6 f2 73. Kd7 f1=Q 74. Kd6 Qf6+ 75. Kc7 Kd5 76. Kd7 Qg7+ 77. Kd8 Ke6 78. Ke8 Qh8#) 61. Nc5 Nb4 $2 (61... dxc5 {mates} 62. d6 Nb4 63. d7 Nc6 64. Kf6 c4 65. Kg7 c3 66. Kf7 c2 67. Kf6 c1=Q 68. d8=Q Nxd8 69. Kxe5 Qc7+ 70. Kf5 Qf7+ 71. Kg4 Ne6 72. Kh3 Qg7 73. Kh2 Qg3+ {[%mdl 64] Double Attack} 74. Kh1 Nd4 75. e5 Bxf3#) 62. Nb7 $2 {[%mdl 8192]} (62. Nd7 $11 Nxd5 63. exd5 Bxd5 64. Nb6 Bxf3 65. Nc4+ Kb4 66. Nxd6) 62... Nd3 $4 {[%mdl 8192]} (62... Bxb7 {avoids the disaster.} 63. Kf5 {[#]} Nxd5 $1 {[%mdl 512]} 64. Ke6 Nb4 65. Kxd6 Nc6 66. Ke6 Kb4 67. Kf5 Kc4 68. Kg6 Nd4 69. Kf7 Nxf3 70. Ke6 Nd4+ 71. Kd7 f3 72. Kc7 Bxe4 73. Kb8 f2 74. a8=Q Bxa8 75. Kxa8 f1=Q 76. Ka7 Qf7+ 77. Ka8 Nb5 78. Kb8 Qc7+ 79. Ka8 Qc8#) 63. Nxd6 $18 Ne1 64. Nf7 $2 (64. Nc4+ $18 Kb4 65. Nxe5) 64... Nxf3+ {[%mdl 32768] What a fight! Accuracy: White = 37%, Black = 43%. . Loss on time!?} 0-1

[Event "Stay Safe Play From Home 244"]
[Site "Emanuel Lasker Arena"]
[Date "2020.06.22"]
[Round "4"]
[White "SoulofWolf"]
[Black "Lamborghini"]
[Result "1-0"]
[WhiteElo "2158"]
[BlackElo "2217"]
[Annotator "TA"]
[PlyCount "101"]
[EventDate "2020.06.22"]
[EventType "swiss (blitz)"]

{[%evp 11,101,4,36,25,69,34,77,34,38,26,30,0,22,21,59,22,51,53,81,60,80,48,82,75,94,51,57,-82,49,25,45,0,149,-103,-94,-121,-114,-160,-87,-325,-331,-443,-443,-445,-420,-418,-416,-506,-445,-505,-502,-572,-559,-569,-572,-563,-538,-628,-452,-637,-589,-940,-436,-422,-420,-387,-333,-488,-470,-1149,-1090,-4998,3945,3739,2512,1849,29991,29989,29991,29991,29991,29992,29992,29993,29994,29995,29995,29994,29995,29996,29997,29998]} 1. Nf3 g6 2. d4 Bg7 3. c4 d6 4. Nc3 Nf6 5. Bg5 O-O 6. e3 Nc6 {6...c5 is a critical line.} 7. Be2 {[#] E61: King's Indian: Early deviations for White, including Smyslov System.} b6 $146 ({Predecessor:} 7... Bf5 8. O-O Ne4 9. Nxe4 Bxe4 10. Nd2 Bf5 11. Rc1 h6 12. Bh4 g5 13. Bg3 e5 14. d5 Ne7 {0-1 (54) Aronian,L (2801)-Vachier Lagrave,M (2703) Moscow 2010}) 8. O-O Bb7 9. Rc1 {White is better.} h6 10. Bh4 e6 11. Bg3 Ne7 12. h3 Qd7 13. Re1 Rae8 14. b4 {[%cal Bb2b4,Bb4b5][%mdl 32]} Nh7 15. b5 f5 16. Qd2 Qc8 17. a4 g5 18. Nh2 e5 19. f4 (19. dxe5 $14 {stays ahead.} dxe5 20. f3) 19... exf4 ({Black should try} 19... gxf4 $17 20. exf4 exd4) 20. exf4 $14 {aiming for Bh5.} Ng6 $1 21. fxg5 hxg5 (21... Nxg5 $11 {keeps the balance.} 22. Bh5 Rxe1+ 23. Bxe1 Kh7) 22. Bd3 $2 {[%mdl 8192]} (22. Bh5 $16 Re6 23. Nd5 Rxe1+ 24. Rxe1 (24. Bxe1 Bxd5 25. Bxg6 Be4 $11) 24... Bxd5 25. cxd5) 22... Bxd4+ $17 23. Kh1 Be5 24. Nf1 Nf4 (24... f4 $142 25. Nd5 Ne7) 25. Bxf4 $2 (25. Nd5 $17) 25... Bxf4 $19 ({Weaker is} 25... gxf4 26. Nd5 $15) 26. Qd1 Bxc1 27. Qxc1 Rxe1 28. Qxe1 Qd7 29. Qg3 Qf7 30. Be2 f4 31. Qf2 Qf6 32. Nd5 Bxd5 33. cxd5 Qb2 34. Qf3 Qe5 35. Nh2 (35. Qd3 $142 Kh8 36. Nh2) 35... Nf6 {Hoping for ...Ne4.} 36. h4 g4 (36... Ne4 $142 {Threatens to win with ...Ng3+.} 37. Bf1 Qxd5) 37. Nxg4 Nxg4 38. Qxg4+ {[%mdl 4096] Endgame KQR-KQB} Qg7 39. Qf3 (39. Qe6+ $142 Kh8 40. Bf3) 39... Re8 40. Bd3 (40. Qh5 $142 Re5 41. Qg4) 40... Re3 41. Qf1 Qa1 $4 {[%mdl 8192]} (41... Qe5 $19 42. Be2 f3 43. Bxf3 {[#]} Re1 $1 {[%mdl 512]}) 42. Qxa1 $18 {White wants to mate with Qf6.} Rxd3 {[#] KQ-KR} 43. Qf1 $1 Kf7 44. Qxf4+ {White mates.} Ke7 45. Qg5+ Kd7 46. Qf5+ {[%mdl 64] Double Attack} Kd8 47. Qxd3 Kc8 48. Qf5+ Kb7 49. h5 a5 50. h6 c5 51. h7 {Never resign too early! Accuracy: White = 19%, Black = 50%.} 1-0

[Event "Stay Safe Play From Home 244"]
[Site "Emanuel Lasker Arena"]
[Date "2020.06.22"]
[Round "4"]
[White "Bardellosport"]
[Black "Dj amir"]
[Result "0-1"]
[WhiteElo "2034"]
[BlackElo "2401"]
[Annotator "TA"]
[PlyCount "78"]
[EventDate "2020.06.22"]
[EventType "swiss (blitz)"]

{[%evp 9,78,-23,-23,-39,-39,-43,-33,-39,-34,-33,-6,-112,-114,-164,-173,-206,-213,-209,-213,-184,-195,-176,-50,-76,0,-285,-289,-270,-283,-284,-287,-372,-348,-352,-357,-368,-341,-343,-327,-347,-316,-500,-464,-559,-529,-531,-481,-620,-600,-651,-627,-856,-812,-736,-642,-1391,-865,-2100,-1970,-2834,-4894,-29989,-29990,-29990,-29990,-29990,-29991,-29993,-29994,-29995,-29995]} 1. Nc3 Nf6 2. e4 d5 3. e5 Ne4 4. d4 Nxc3 5. bxc3 c5 6. Bd3 {B02: Alekhine's Defence: Chase Variation and lines with early Nc3.} Nc6 {[#]} 7. f4 $146 ({Predecessor:} 7. Nf3 e6 8. O-O Bd7 9. Be3 c4 10. Be2 Be7 11. Ne1 f6 12. exf6 Bxf6 13. f4 O-O {1-0 (46) Ashton,A (2329)-Cox,J (2418) Sunningdale 2006}) 7... c4 8. Be2 {Black is slightly better.} Qa5 9. Bd2 Qa4 10. Nf3 (10. Bf3 $11) 10... Bf5 $17 11. Rc1 e6 $36 {[%mdl 2048] Black is in control.} ({Weaker is} 11... Qxa2 12. Nh4 $11) 12. O-O {[#]} Ba3 $1 ({And not} 12... Qxa2 13. Nh4 $11) 13. Rb1 {intending Ne1.} Bxc2 {[%mdl 64] Double Attack} 14. Qe1 Bxb1 15. Qxb1 b6 (15... Ne7 $19 {White must now prevent ...b5.} 16. Nh4 g6) 16. f5 $15 {[#]} O-O-O (16... Be7 $1 $17 {Strongly threatening ...Qa5.} 17. fxe6 fxe6) 17. f6 $2 {[%mdl 8192] White is now going downhill.} (17. Ng5 $11 {and White has nothing to worry.}) 17... gxf6 $19 18. exf6 h6 19. Bf4 Bd6 20. Ne5 Nxe5 21. dxe5 Bc5+ 22. Kh1 h5 23. Bd1 Qc6 24. a4 h4 25. Bf3 (25. Qc2 {was worth a try.}) 25... h3 26. g4 Qxa4 27. Qc1 Qc6 28. Qd2 Kc7 29. Ra1 a5 {[%cal Ba7a5,Ba5a4,Ba4a3,Ba3a2][%mdl 32]} 30. Rb1 Ra8 31. g5 Rhg8 32. Rg1 a4 33. g6 Rxg6 34. Rxg6 fxg6 35. Bg5 a3 {Black mates.} 36. Qa2 Qa4 37. f7 Qb3 38. Qe2 a2 39. f8=Q Rxf8 {Accuracy: White = 36%, Black = 75%.} 0-1

[Event "Stay Safe Play From Home 244"]
[Site "Emanuel Lasker Arena"]
[Date "2020.06.22"]
[Round "4"]
[White "Haxhi Baha"]
[Black "Weltszmerc"]
[Result "0-1"]
[WhiteElo "2009"]
[BlackElo "2170"]
[Annotator "TA"]
[PlyCount "94"]
[EventDate "2020.06.22"]
[EventType "swiss (blitz)"]

{[%evp 14,94,33,8,10,-30,-19,-35,-15,-56,9,-34,-45,-47,-41,-47,-53,-118,-72,-303,57,59,43,57,62,48,145,152,168,146,152,82,90,-42,70,61,66,37,67,24,36,-31,8,0,65,-51,-41,-42,-57,-54,-33,-48,-26,-58,444,443,442,403,658,672,904,894,857,817,1964,1377,1226,1049,976,954,6239,925,29944,6065,6199,5716,5281,2229,5714,5377,2218,2156,1661]} 1. e4 Nf6 2. e5 Nd5 3. c4 Nb6 4. d4 d6 5. exd6 cxd6 6. Nc3 g6 7. Be2 Bg7 8. Be3 O-O {B03: Alekhine's Defence: Four Pawns Attack.} 9. h3 Nc6 10. Qd2 {[#]} e5 $146 {[%cal Re5d4] Black is slightly better.} ({Predecessor:} 10... d5 11. c5 Nc4 12. Bxc4 dxc4 13. Rd1 Nb4 14. Nge2 Nd3+ 15. Kf1 e5 16. Nb5 exd4 17. Bxd4 Bxd4 18. Nbxd4 {0-1 (25) Baeumlin,F (1984)-Feyte,P (2078) Clichy 2003}) 11. d5 Ne7 (11... Nd4 $15) 12. Nf3 Nf5 13. O-O-O Nxe3 14. Qxe3 f5 15. Kb1 (15. g4 $15) 15... Nd7 16. Ng5 $2 (16. Qd2 $17 {is a better defense.}) 16... Nf6 $2 (16... f4 $19 17. Ne6 fxe3 18. Nxd8 Rxd8 19. fxe3 Nc5) 17. Ne6 $36 {[%mdl 2048] White is more active.} Bxe6 18. dxe6 Qe7 19. Nd5 Qxe6 (19... Nxd5 $14 20. cxd5 Rfc8) 20. Nc7 $1 $16 {[%csl LRa8,LRe6][%mdl 64] [#] Double Attack} Qe7 21. Nxa8 Rxa8 22. Qb3 ({White should try} 22. g4) 22... Kh8 23. Rd2 (23. h4 $16) 23... b6 ({Better is} 23... Ne4 $15 24. Rd5 Nxf2) 24. Bf3 e4 25. Bd1 Nd7 26. Bc2 Ne5 27. Rhd1 (27. f4 $14 exf3 28. gxf3) 27... Rd8 (27... Rc8 $5 {[%cal Re5c4]} 28. Rxd6 Nxc4 $11) 28. Qb5 Bf8 (28... Qf6 $11) 29. f4 (29. Qd5 $14) 29... exf3 $15 30. gxf3 Nxf3 31. Rf2 Ne5 32. Re2 Qc7 33. b3 Qc5 $2 {[%mdl 8192]} (33... Qe7 $15 {stays ahead.}) 34. Qxc5 $18 bxc5 {[#]} 35. Rxe5 $1 {[%mdl 512]} dxe5 (35... Ra8 $142) 36. Rxd8 Kg7 37. Rd7+ Kf6 38. Rxa7 h5 39. a4 {[%cal Ba2a4,Ba4a5][%mdl 32]} e4 40. Kc1 Bh6+ 41. Kd1 Ke5 42. Ke2 Bg5 43. a5 f4 {White is clearly winning.} 44. Rg7 f3+ 45. Ke1 Bh4+ 46. Kf1 e3 47. Bd3 g5 {[%mdl 32768] Quite a comeback for White. Accuracy: White = 42%, Black = 45%. . Loss on time!?} 0-1

[Event "Stay Safe Play From Home 244"]
[Site "Emanuel Lasker Arena"]
[Date "2020.06.22"]
[Round "4"]
[White "MartinKestler"]
[Black "Grazie"]
[Result "1-0"]
[WhiteElo "1895"]
[BlackElo "1805"]
[Annotator "NA RC"]
[PlyCount "79"]
[EventDate "2020.06.22"]
[EventType "swiss (blitz)"]

1. Nf3 {[%emt 0:00:01]} e6 {[%emt 0:00:00]} 2. b3 {[%emt 0:00:00]} d5 {[%emt 0:00:00]} 3. Bb2 {[%emt 0:00:00]} Nf6 {[%emt 0:00:00]} 4. e3 {[%emt 0:00:00]} Be7 {[%emt 0:00:01]} 5. d4 {[%emt 0:00:00]} O-O {[%emt 0:00:01]} 6. Be2 {[%emt 0:00:00]} a6 {[%emt 0:00:00]} 7. O-O {[%emt 0:00:00]} Nbd7 {[%emt 0:00:00]} 8. Nbd2 {[%emt 0:00:00]} c5 {[%emt 0:00:00]} 9. c4 {[%emt 0:00:00]} dxc4 {[%emt 0:00:01]} 10. Nxc4 {[%emt 0:00:01]} b5 {[%emt 0:00:01]} 11. Nce5 {[%emt 0:00:02]} Bb7 {[%emt 0:00:01]} 12. a3 {[%emt 0:00:02]} Rc8 {[%emt 0:00:02]} 13. Rc1 {[%emt 0:00:02]} h6 {[%emt 0:00:01]} 14. h3 {[%emt 0:00:02]} Nxe5 {[%emt 0:00:02]} 15. Nxe5 {[%emt 0:00:01]} Nd7 {[%emt 0:00:02]} 16. Nxd7 {[%emt 0:00:02]} Qxd7 {[%emt 0:00:01]} 17. Bf3 {[%emt 0:00:02]} Bxf3 {[%emt 0:00:02]} 18. Qxf3 {[%emt 0:00:00]} c4 {[%emt 0:00:04]} 19. bxc4 {[%emt 0:00:02]} Rxc4 {[%emt 0:00:01]} 20. Rxc4 {[%emt 0:00:01]} bxc4 {[%emt 0:00:01]} 21. Rc1 {[%emt 0:00:00]} Rc8 {[%emt 0:00:01]} 22. Qe2 {[%emt 0:00:03]} Qa4 {[%emt 0:00:02]} 23. Qc2 {[%emt 0:00:02]} Qb5 {[%emt 0:00:05]} 24. Qc3 {[%emt 0:00:01]} a5 {[%emt 0:00:05]} 25. g3 {[%emt 0:00:03]} a4 {[%emt 0:00:01]} 26. Kg2 {[%emt 0:00:01]} Qb3 {[%emt 0:00:01]} 27. Kf1 {[%emt 0:00:01]} Bf6 {[%emt 0:00:06]} 28. Ke2 {[%emt 0:00:02]} Qb5 {[%emt 0:00:03]} 29. Qb4 {[%emt 0:00:03]} Qxb4 {[%emt 0:00:02]} 30. axb4 {[%emt 0:00:00]} Be7 {[%emt 0:00:01]} 31. Ba3 {[%emt 0:00:01]} Rb8 {[%emt 0:00:03]} 32. Rxc4 {[%emt 0:00:02]} f5 {[%emt 0:00:02]} 33. f3 {[%emt 0:00:01]} Kf7 {[%emt 0:00:01]} 34. e4 {[%emt 0:00:01]} fxe4 {[%emt 0:00:01]} 35. fxe4 {[%emt 0:00:01]} h5 {[%emt 0:00:01]} 36. Kd3 {[%emt 0:00:01]} Kf6 {[%emt 0:00:00]} 37. d5 {[%emt 0:00:01]} exd5 {[%emt 0:00:01]} 38. exd5 {[%emt 0:00:00]} Bd6 {[%emt 0:00:02]} 39. Rh4 {[%emt 0:00:03]} g6 {[%emt 0:00:01]} 40. Rf4+ {[%emt 0:00:02] Zeit ' (Lag: Av=0.51s, max=1.7s)} 1-0

[Event "Stay Safe Play From Home 244"]
[Site "Emanuel Lasker Arena"]
[Date "2020.06.22"]
[Round "4"]
[White "Justwatch"]
[Black "Greblha"]
[Result "1/2-1/2"]
[WhiteElo "1803"]
[BlackElo "1964"]
[Annotator "TA"]
[PlyCount "52"]
[EventDate "2020.06.22"]
[EventType "swiss (blitz)"]

{[%evp 9,52,14,22,14,15,-27,-25,-34,-7,-18,11,-21,-29,-24,424,-216,-30,-14,4,-30,-17,-15,74,72,70,59,74,36,103,-41,-37,-30,-12,-39,-39,-76,-75,-91,-91,-94,-77,-689,1513,1485,1341]} 1. e4 c6 2. Nf3 d5 3. exd5 cxd5 4. d4 Nc6 5. Be3 g6 6. Bb5 {B13: Caro-Kann: Exchange Variation and Panov-Botvinnik Attack.} Bg7 {[#]} 7. Bxc6+ $146 ({Predecessor:} 7. c3 Qb6 8. Bxc6+ bxc6 9. Qc2 Ba6 10. Nbd2 Nf6 11. h3 Rb8 12. b3 Nd7 13. Rb1 {0-1 (54) Parra Ordorica,G (1798)-Valencia Jimenez,J (2131) Llinars del Valles 2018}) 7... bxc6 8. Nbd2 {Black has an edge.} Nf6 9. c4 e6 10. cxd5 cxd5 11. O-O Ba6 $2 {[%mdl 8192] [#]} (11... O-O $11 {and Black has nothing to worry.}) 12. h3 $4 {[%mdl 8192]} (12. Qa4+ $18 {was the only winning move.} Nd7 13. Qxa6) 12... O-O $2 ({Black should try} 12... Bxf1 $19 13. Nxf1 O-O) 13. Re1 $11 Ne4 14. Nb3 Rc8 15. Nfd2 Nxd2 (15... Bc4 $11) 16. Qxd2 $16 Qb6 17. Nc5 Rfd8 18. b3 Bf8 (18... e5 $14 19. Nxa6 Qxa6) 19. Nd3 (19. Bg5 $16) 19... Bxd3 $15 20. Qxd3 Qb4 21. Bg5 Rd7 22. Bf6 Rdc7 23. Qe3 Rc3 24. Qg5 Qa3 25. Be7 $2 {[%mdl 8192] [#]} (25. Qf4 $17) 25... Bg7 $4 {[%mdl 8192]} (25... Bxe7 $19 26. Qf4 Rc2) 26. Bxa3 $18 h6 {[%mdl 32768] Accuracy: White = 37%, Black = 46%. . An unexpected result.} 1/2-1/2

[Event "Stay Safe Play From Home 244"]
[Site "Emanuel Lasker Arena"]
[Date "2020.06.22"]
[Round "4"]
[White "Bishop91"]
[Black "Lazieri3"]
[Result "0-1"]
[WhiteElo "1773"]
[BlackElo "2130"]
[Annotator "NA"]
[PlyCount "94"]
[EventDate "2020.06.22"]
[EventType "swiss (blitz)"]

1. e4 {[%emt 0:00:01]} c6 {[%emt 0:00:00]} 2. Nf3 {[%emt 0:00:01]} d5 {[%emt 0:00:00]} 3. exd5 {[%emt 0:00:00]} cxd5 {[%emt 0:00:00]} 4. d4 {[%emt 0:00:00]} Nc6 {[%emt 0:00:00]} 5. c3 {[%emt 0:00:00]} Nf6 {[%emt 0:00:00]} 6. Be2 {[%emt 0:00:01]} Bf5 {[%emt 0:00:00]} 7. O-O {[%emt 0:00:00]} e6 {[%emt 0:00:00]} 8. Bd3 {[%emt 0:00:01]} Bxd3 {[%emt 0:00:01]} 9. Qxd3 {[%emt 0:00:01]} h6 {[%emt 0:00:00]} 10. Bf4 {[%emt 0:00:01]} Bd6 {[%emt 0:00:00]} 11. Ne5 {[%emt 0:00:05]} O-O {[%emt 0:00:01]} 12. Nxc6 {[%emt 0:00:01]} bxc6 {[%emt 0:00:03]} 13. Bxd6 {[%emt 0:00:00]} Qxd6 {[%emt 0:00:01]} 14. Nd2 {[%emt 0:00:01]} c5 {[%emt 0:00:01]} 15. Nf3 {[%emt 0:00:02]} cxd4 {[%emt 0:00:01]} 16. cxd4 {[%emt 0:00:01]} Ne4 {[%emt 0:00:01]} 17. Rac1 {[%emt 0:00:01]} Rfc8 {[%emt 0:00:02]} 18. Ne5 {[%emt 0:00:02]} Qb4 {[%emt 0:00:03]} 19. b3 {[%emt 0:00:03]} a5 {[%emt 0:00:03]} 20. f3 {[%emt 0:00:02]} Nf6 {[%emt 0:00:02]} 21. Kh1 {[%emt 0:00:02]} a4 {[%emt 0:00:01]} 22. h4 {[%emt 0:00:02]} axb3 {[%emt 0:00:01]} 23. Qxb3 {[%emt 0:00:01]} Qxb3 {[%emt 0:00:02]} 24. axb3 {[%emt 0:00:00]} g6 {[%emt 0:00:03]} 25. Kh2 {[%emt 0:00:05]} h5 {[%emt 0:00:02]} 26. g3 {[%emt 0:00:01]} Ra2+ {[%emt 0:00:03]} 27. Kg1 {[%emt 0:00:01]} Rcc2 {[%emt 0:00:02]} 28. Rxc2 {[%emt 0:00:01]} Rxc2 {[%emt 0:00:00]} 29. Rf2 {[%emt 0:00:00]} Rc1+ {[%emt 0:00:04]} 30. Kg2 {[%emt 0:00:01]} Rb1 {[%emt 0:00:01]} 31. g4 {[%emt 0:00:03]} Rxb3 {[%emt 0:00:03]} 32. g5 {[%emt 0:00:01]} Ne8 {[%emt 0:00:02]} 33. Ra2 {[%emt 0:00:02]} Rb7 {[%emt 0:00:03]} 34. Ra8 {[%emt 0:00:01]} Kf8 {[%emt 0:00:01]} 35. Kf2 {[%emt 0:00:02]} Ke7 {[%emt 0:00:01]} 36. Nc6+ {[%emt 0:00:01]} Kd6 {[%emt 0:00:03]} 37. Ne5 {[%emt 0:00:00]} Ng7 {[%emt 0:00:03]} 38. Rd8+ {[%emt 0:00:03]} Ke7 {[%emt 0:00:01]} 39. Rc8 {[%emt 0:00:01]} Nf5 {[%emt 0:00:01]} 40. Rc2 {[%emt 0:00:00]} Kf8 {[%emt 0:00:03]} 41. Ra2 {[%emt 0:00:00]} Kg7 {[%emt 0:00:00]} 42. Ra8 {[%emt 0:00:01]} Nxd4 {[%emt 0:00:00]} 43. Nd3 {[%emt 0:00:02]} Rb2+ {[%emt 0:00:00]} 44. Nxb2 {[%emt 0:00:01]} Nc6 {[%emt 0:00:00]} 45. Na4 {[%emt 0:00:00]} Ne5 {[%emt 0:00:00]} 46. Nb6 {[%emt 0:00:01]} Nd3+ {[%emt 0:00:00]} 47. Ke3 {[%emt 0:00:03]} Nf4 {[%emt 0:00:00] .} 0-1

[Event "Stay Safe Play From Home 244"]
[Site "Emanuel Lasker Arena"]
[Date "2020.06.22"]
[Round "4"]
[White "Trotsky"]
[Black "Dave_H"]
[Result "1-0"]
[WhiteElo "1549"]
[BlackElo "1800"]
[Annotator "NA RC"]
[PlyCount "61"]
[EventDate "2020.06.22"]
[EventType "swiss (blitz)"]
[BlackTeam "SK Vellmar"]

{- Halt, David (2088)} 1. d4 {[%emt 0:00:01]} f5 {[%emt 0:00:03]} 2. e3 {[%emt 0:00:01]} Nf6 {[%emt 0:00:02]} 3. c4 {[%emt 0:00:01]} g6 {[%emt 0:00:01]} 4. Nc3 {[%emt 0:00:01]} Bg7 {[%emt 0:00:03]} 5. Bd3 {[%emt 0:00:01]} O-O {[%emt 0:00:01]} 6. Qc2 {[%emt 0:00:01]} d6 {[%emt 0:00:01]} 7. Nf3 {[%emt 0:00:01]} c6 {[%emt 0:00:01]} 8. Bd2 {[%emt 0:00:00]} Qc7 {[%emt 0:00:02]} 9. h4 {[%emt 0:00:01]} e5 {[%emt 0:00:01]} 10. O-O-O {[%emt 0:00:02]} e4 {[%emt 0:00:02]} 11. Nxe4 {[%emt 0:00:01]} fxe4 {[%emt 0:00:02]} 12. Bxe4 {[%emt 0:00:02]} Nxe4 {[%emt 0:00:00]} 13. Qxe4 {[%emt 0:00:01]} Bf5 {[%emt 0:00:01]} 14. Qf4 {[%emt 0:00:02]} Qa5 {[%emt 0:00:04]} 15. Bxa5 {[%emt 0:00:02]} Nd7 {[%emt 0:00:06]} 16. e4 {[%emt 0:00:02]} Be6 {[%emt 0:00:03]} 17. Qe3 {[%emt 0:00:01]} Bxc4 {[%emt 0:00:02]} 18. b3 {[%emt 0:00:01]} Bf7 {[%emt 0:00:02]} 19. Bc3 {[%emt 0:00:02]} Rac8 {[%emt 0:00:06]} 20. Qd3 {[%emt 0:00:03]} c5 {[%emt 0:00:02]} 21. d5 {[%emt 0:00:05]} Ne5 {[%emt 0:00:01]} 22. Qc2 {[%emt 0:00:02]} Nxf3 {[%emt 0:00:02]} 23. gxf3 {[%emt 0:00:01]} Bxc3 {[%emt 0:00:02]} 24. Qxc3 {[%emt 0:00:02]} Be8 {[%emt 0:00:01]} 25. h5 {[%emt 0:00:01]} gxh5 {[%emt 0:00:02]} 26. Rdg1+ {[%emt 0:00:03]} Bg6 {[%emt 0:00:00]} 27. Rxh5 {[%emt 0:00:02]} Rf4 {[%emt 0:00:02]} 28. Rxg6+ {[%emt 0:00:01]} hxg6 {[%emt 0:00:02]} 29. Rg5 {[%emt 0:00:01]} Kf7 {[%emt 0:00:04]} 30. e5 {[%emt 0:00:05]} Rh4 {[%emt 0:00:00]} 31. e6+ {[%emt 0:00:01] Zeit ' (Lag: Av=0.23s, max=0.4s)} 1-0